Quantum plasma waves and its relevance to laser plasma / (رقم التسجيلة. 46259)

تفاصيل مارك
000 -LEADER
fixed length control field 01719cam a2200337 a 4500
003 - CONTROL NUMBER IDENTIFIER
control field EG-GiCUC
005 - DATE AND TIME OF LATEST TRANSACTION
control field 20250223031008.0
008 - FIXED-LENGTH DATA ELEMENTS--GENERAL INFORMATION
fixed length control field 140611s2013 ua f m 000 0 eng d
040 ## - CATALOGING SOURCE
Original cataloging agency EG-GiCUC
Language of cataloging eng
Transcribing agency EG-GiCUC
041 0# - LANGUAGE CODE
Language code of text/sound track or separate title eng
049 ## - LOCAL HOLDINGS (OCLC)
Holding library Deposite
097 ## - Thesis Degree
Thesis Level Ph.D
099 ## - LOCAL FREE-TEXT CALL NUMBER (OCLC)
Classification number Cai01.24.12.Ph.D.2013.Mo.Q
100 0# - MAIN ENTRY--PERSONAL NAME
Personal name Mohamed Elsayed Yahia Ali Elsayed Kelib
245 10 - TITLE STATEMENT
Title Quantum plasma waves and its relevance to laser plasma /
Statement of responsibility, etc. Mohamed Elsayed Yahia Ali Elsayed Kelib ; Supervised Iftitan Azzouz , Waleed M. Moslem
246 15 - VARYING FORM OF TITLE
Title proper/short title موجات البلازما الكمية و علاقتها ببلازما الليزر
260 ## - PUBLICATION, DISTRIBUTION, ETC.
Place of publication, distribution, etc. Cairo :
Name of publisher, distributor, etc. Mohamed Elsayed Yahia Ali Elsayed Kelib ,
Date of publication, distribution, etc. 2013
300 ## - PHYSICAL DESCRIPTION
Extent 115 Leaves ;
Dimensions 30cm
502 ## - DISSERTATION NOTE
Dissertation note Thesis (Ph.D.) - Cairo University - National Institute of Laser Enhanced Science - Department of Laser Science and Interaction
520 ## - SUMMARY, ETC.
Summary, etc. The interesting domain of the quantum plasma physies is extended to include the condensed matter systems and its forms in ultra small dimensions, which will give us more deep understanding of the dominated physics. The study of waves and instabilities in quantum plasmas is of fundamental importance for understanding collective response in laser plasma - solid state interactions, in microelectronic and nanostructure semiconductor devices
530 ## - ADDITIONAL PHYSICAL FORM AVAILABLE NOTE
Additional physical form available note Issued also as CD
653 #4 - INDEX TERM--UNCONTROLLED
Uncontrolled term Dense quantum plasmas
653 #4 - INDEX TERM--UNCONTROLLED
Uncontrolled term Quantum hydrodynamics
653 #4 - INDEX TERM--UNCONTROLLED
Uncontrolled term Two stream instability
700 0# - ADDED ENTRY--PERSONAL NAME
Personal name Iftitan Azzouz ,
Relator term
700 0# - ADDED ENTRY--PERSONAL NAME
Personal name Waleed Moslem Moslem ,
Relator term
856 ## - ELECTRONIC LOCATION AND ACCESS
Uniform Resource Identifier <a href="http://172.23.153.220/th.pdf">http://172.23.153.220/th.pdf</a>
905 ## - LOCAL DATA ELEMENT E, LDE (RLIN)
Cataloger Nazla
Reviser Revisor
905 ## - LOCAL DATA ELEMENT E, LDE (RLIN)
Cataloger Samia
Reviser Cataloger
942 ## - ADDED ENTRY ELEMENTS (KOHA)
Source of classification or shelving scheme Dewey Decimal Classification
Koha item type Thesis
المقتنيات
Source of classification or shelving scheme Not for loan Home library Current library Date acquired Full call number Barcode Date last seen Koha item type Copy number
Dewey Decimal Classification   المكتبة المركزبة الجديدة - جامعة القاهرة قاعة الرسائل الجامعية - الدور الاول 11.02.2024 Cai01.24.12.Ph.D.2013.Mo.Q 01010110062529000 22.09.2023 Thesis  
Dewey Decimal Classification   المكتبة المركزبة الجديدة - جامعة القاهرة مخـــزن الرســائل الجـــامعية - البدروم 11.02.2024 Cai01.24.12.Ph.D.2013.Mo.Q 01020110062529000 22.09.2023 CD - Rom 62529.CD
Cairo University Libraries Portal Implemented & Customized by: Eng. M. Mohamady Contacts: new-lib@cl.cu.edu.eg | cnul@cl.cu.edu.eg
CUCL logo CNUL logo
© All rights reserved — Cairo University Libraries
CUCL logo
Implemented & Customized by: Eng. M. Mohamady Contact: new-lib@cl.cu.edu.eg © All rights reserved — New Central Library
CNUL logo
Implemented & Customized by: Eng. M. Mohamady Contact: cnul@cl.cu.edu.eg © All rights reserved — Cairo National University Library